书目信息 |
| 题名: |
语言学研究
|
|
| 作者: | 高一虹 主编 ;北京大学 编 | |
| 分册: | 第十七辑 | |
| 出版信息: | 北京 高等教育出版社 2015 |
|
| 页数: | 239页 | |
| 开本: | 24cm | |
| 丛书名: | ||
| 单 册: | ||
| 中图分类: | H0-53 | |
| 科图分类: | ||
| 主题词: | 语言学--文集 | |
| 电子资源: | ||
| ISBN: | 978-7-04-041741-8 | |
| 000 | 01035nam0 2200265 450 | |
| 001 | 0103439193 | |
| 005 | 20150519102549.0 | |
| 010 | @a978-7-04-041741-8@dCNY32.00 | |
| 100 | @a20150316d2015 em y0chiy0120 ea | |
| 101 | 0 | @achi@eeng |
| 102 | @aCN@b110000 | |
| 105 | @ay z 000yy | |
| 106 | @ar | |
| 200 | 1 | @a语言学研究@9Yu Yan Xue Yan Jiu @f北京大学外国语学院外国语言学及应用语言学研究所编@h第十七辑@b专著 |
| 210 | @a北京@c高等教育出版社@d2015 | |
| 215 | @a239页@d24cm | |
| 304 | @a英文共同题名:Linguistic research | |
| 314 | @a主编:高一虹 | |
| 330 | @a本书分6部分:语言类型学研究、语言学理论研究、语言应用研究、经典译文、书评、语言学沙龙。其中收录了《汉日语数量名结构语序的类型学考察》、《二语中wh-参数重设研究综述》、《网络语言中数字指称的不对称性研究》等文章。 | |
| 606 | 0 | @a语言学@j文集 |
| 690 | @aH0-53@v5 | |
| 701 | 0 | @a高一虹@c(女,@f1959~)@4主编@9gao yi hong |
| 712 | 02 | @a北京大学@b外国语学院@b语言学研究所@4编@9bei jing da xue |
| 801 | 0 | @aCN@bAZmarc@c20230907 |
| 905 | @aBZT@dH0-53@e1:17@f1@sH0-53/1:17 | |
| 语言学研究/北京大学外国语学院外国语言学及应用语言学研究所编.第十七辑.-北京:高等教育出版社,2015 |
| 239页;24cm |
| ISBN 978-7-04-041741-8:CNY32.00 |
| 本书分6部分:语言类型学研究、语言学理论研究、语言应用研究、经典译文、书评、语言学沙龙。其中收录了《汉日语数量名结构语序的类型学考察》、《二语中wh-参数重设研究综述》、《网络语言中数字指称的不对称性研究》等文章。 |
| ● |
| 相关链接 |
|
|
|
正题名:语言学研究
索取号:H0-53/1:17
 
预约/预借
| 序号 | 登录号 | 条形码 | 馆藏地/架位号 | 状态 | 备注 |
| 1 | 2000007515 | 2000007515 | 旧书回溯/ [索取号:H0-53/1:17] | 在馆 |